| 000 | 005500000a22001810004500 | ||
|---|---|---|---|
| 003 | MACL | ||
| 005 | 20160519142429.0 | ||
| 008 | 160519b xxu||||| |||| 00| 0 eng d | ||
| 040 |
_aMACL _cMACL |
||
| 041 | _aHindi | ||
| 082 | _a891.433 | ||
| 100 |
_aकपिला, मधुर _958224 |
||
| 245 |
_aसामने का आसमान _cकपिला, मधुर |
||
| 260 |
_aदिल्ली _bभारतीय ज्ञानपीठ _c2010 |
||
| 350 | _a380 | ||
| 650 |
_aNovel _958225 |
||
| 942 |
_cHIN _k891.433/KAP/N _2ddc |
||
| 999 |
_c48950 _d48950 |
||